Spell the Marvel Character #240 - Statistics

General Stats
  • This quiz has been taken 13 times
  • The average score is 7 of 9
Answer Stats
Picture Answer % Correct
Rocket Raccoon
100%
Thor
100%
Angel
92%
Anti-Venom
92%
Hepzibah
58%
Krugarr
58%
Starhawk
58%
Starbrand
50%
Wave
42%
No matching quizzes found
Score Distribution
Percent of People with Each Score
Percentile by Number Answered
Your Score History
You have not taken this quiz